La enseñanza de Buda

Guardado en:
Detalles Bibliográficos
Autores Corporativos: Bukkyo Dendo Kyokai (Autor), Fundación para la Promoción del Budismo (Autor)
Formato: Libro
Lenguaje:español
Publicado: Tokio Kosaido 2001
Edición:9a. ed
Materias:
Etiquetas: Agregar Etiqueta
Sin Etiquetas, Sea el primero en etiquetar este registro!

MARC

LEADER 00000nam a2200000 a 4500
001 UCM4817
003 CL-VaPUC
008 020906e20010000JA |||||||||||||||||spa|d
082 0 4 |a 294.363  |b BUK  |2 21 
110 2 |a Bukkyo Dendo Kyokai  |e author  |9 471229 
710 2 |a Fundación para la Promoción del Budismo  |e author  |9 471230 
245 1 3 |a La enseñanza de Buda 
250 |a 9a. ed 
300 |a 307 p 
942 |c BK 
945 |d 20020906 00:00:00  |a cmena 
260 |a Tokio  |b Kosaido  |c 2001 
600 0 7 |a BUDA  |2 CL-VaPUC  |9 393688 
650 7 |a BUDISMO  |2 CL-VaPUC  |9 471231 
650 7 |a CULTURAS CENTROASIATICAS  |2 CL-VaPUC  |9 349303 
650 7 |a RELIGIONES MODERNAS  |2 CL-VaPUC  |9 337686 
583 |a last modification  |c 20020906 00:00:00  |k Rodrigo Vera 
999 |c 301280  |d 301278 
952 |0 0  |1 0  |4 0  |6 294_363000000000000_BUK_2001  |7 0  |8 A  |9 360095  |a BIBTEO  |b BIBTEO  |d 2019-11-21  |i 3830128  |o 294.363 BUK 2001  |p 3830128  |r 2025-01-17  |w 2019-11-21  |y BK  |k ICR 
952 |0 0  |1 0  |4 0  |6 294_363000000000000_BUK_2001  |7 0  |8 A  |9 360096  |a BIBTEO  |b BIBTEO  |d 2019-11-21  |i 3830136  |o 294.363 BUK 2001  |p 3830136  |r 2025-01-17  |w 2019-11-21  |y BK  |k ICR 
952 |0 0  |1 0  |4 0  |6 294_363000000000000_BUK_2001  |7 0  |8 A  |9 360097  |a BIBTEO  |b BIBTEO  |d 2019-11-21  |i 3830144  |l 1  |m 2  |o 294.363 BUK 2001  |p 3830144  |r 2025-01-17  |s 2023-04-04  |w 2019-11-21  |y BK  |k ICR 
952 |0 0  |1 0  |4 0  |6 294_363000000000000_BUK_2001  |7 0  |8 A  |9 360098  |a BIBTEO  |b BIBTEO  |d 2019-11-21  |i 3826783  |o 294.363 BUK 2001  |p 3826783  |r 2025-01-17  |w 2019-11-21  |y BK  |k ICR 
952 |0 0  |1 0  |4 0  |6 294_363000000000000_BUK_2001  |7 0  |8 A  |9 360099  |a BIBTEO  |b BIBTEO  |d 2019-11-21  |i 3826791  |o 294.363 BUK 2001  |p 3826791  |r 2025-01-17  |w 2019-11-21  |y BK  |k ICR